000 00548nam a2200193Ia 4500
005 20260415160332.0
008 008 250505s9999 xx 000 0 eng d
037 _aTextual
040 _aFEDL
_beng
_cFEDL
041 _aeng
_2eng
084 _a158 BAI
_qFEDL
100 _aBailes Frederick W.
_9755724
245 0 _aYour mind can heal you
260 _aLondon, UK
_bGeorge Allen and Unwin Ltd
_c1942
300 _ax,241p.
650 _aApplied Psychology
942 _cTEXL
_h158 BAI
999 _c1321803
_d1321803